| 000 | 00656nam a2200169 a 4500 | ||
|---|---|---|---|
| 005 | 20140412111319.0 | ||
| 008 | 000901s19uu xx 00 eng d | ||
| 020 | _a0-19-272358-8 | ||
| 050 |
_aBB _bWi72 1998 |
||
| 100 | _aPaul, Korky | ||
| 245 |
_aWinnie the witch / _cKorky Paul and Valerie Thomas. |
||
| 260 |
_aGreat Claredon St., Oxford : _bOxford University Press, _c1998. |
||
| 300 | _a1 v. (unp.) ; ill. | ||
| 520 | _aWinnie the Witch lived in a black house. It had black carpets, black chairs, a black bed with black sheets, and black pictures on the walls. It even had a black bath. | ||
| 650 | _aWitches stories - Fiction | ||
| 999 |
_c104336 _d104336 |
||